Statistics for FC Bayern Munich squad 2012-13

Click here to take the quiz!

General Stats

  • This quiz has been taken 661 times
  • The average score is 17 of 27

Answer Stats

Position Player International % Correct
GKManuel NeuerGermany
96%
MFArjen RobbenNetherlands
94%
MFFranck RibéryFrance
94%
DFDanteBrazil
89%
DFDavid AlabaAustria
86%
FWThomas MüllerGermany
84%
DFPhilipp LahmGermany
84%
FWMarko MandžukićCroatia
79%
MFJavi MartínezSpain
78%
DFJérôme BoatengGermany
76%
MFBastian SchweinsteigerGermany
76%
MFXherdan ShaqiriSwitzerland
74%
FWMario GómezGermany
73%
DFDaniel Van BuytenBelgium
70%
FWClaudio PizarroPeru
70%
MFToni KroosGermany
64%
DFRafinhaBrazil
63%
GKTom StarkeGermany
57%
MFLuiz GustavoBrazil
53%
DFHolger BadstuberGermany
52%
DFDiego ContentoGermany
29%
MFAnatoliy TymoshchukUkraine
26%
MFEmre CanGermany
25%
MFPierre HøjbjergDenmark
23%
GKLukas RaederGermany
17%
FWPatrick WeihrauchGermany
14%
GKMaximilian RiedmüllerGermany
13%

Score Distribution

Percentile by Number Answered

Percent of People with Each Score

Your Score History

You have not taken this quiz